| 000 | 01372cam a2200313 a 4500 | ||
|---|---|---|---|
| 001 | 15421121 | ||
| 005 | 20090901073532.0 | ||
| 008 | 080821s2009 njua b 001 0 eng | ||
| 010 | _a 2008037160 | ||
| 020 | _a0321553454 (paper back : alk. paper) | ||
| 020 | _a9780321553454 (paper back : alk. paper) | ||
| 035 | _a(OCoLC)ocn243543539 | ||
| 035 | _a(OCoLC)243543539 | ||
| 040 |
_aDLC _cDLC _dBTCTA _dBAKER _dC#P _dBWX _dDLC |
||
| 050 | 0 | 0 |
_aQA76.7 _b.K576 2009 |
| 082 | 0 | 0 |
_222 _a005.1 _bKLE |
| 100 | 1 |
_aKleppe, Anneke G. _912904 |
|
| 245 | 1 | 0 |
_aSoftware Language Engineering : _bCreating Domain-Specific Languages Using Metamodels / _cAnneke Kleppe. |
| 260 |
_aUpper Saddle River, NJ : _bAddison-Wesley, _cc2009. |
||
| 300 |
_axxxi, 207 p. : _bill. ; _c24 cm. |
||
| 504 | _aIncludes bibliographical references and index. | ||
| 650 | 0 |
_aProgramming languages (Electronic computers) _912905 |
|
| 650 | 0 |
_aSoftware engineering. _912906 |
|
| 650 | 0 |
_aComputer software _xDevelopment. _912907 |
|
| 856 | 4 | 1 |
_3Table of contents only _uhttp://www.loc.gov/catdir/toc/ecip0826/2008037160.html |
| 942 |
_2ddc _cBB |
||
| 999 |
_c13735 _d13735 |
||